History Quiz

Random History or Europe Quiz
Score 0/30 Timer 10:00
0 Plays Today
% Correct
France
100%
Ireland
97.4%
Spain
97.4%
Germany
96.5%
Poland
96.5%
Portugal
96.5%
Sweden
96.5%
Austria
95.6%
Belgium
95.6%
Finland
94.7%
Greece
94.7%
Estonia
93.9%
Italy
93.9%
Czech Republic
93%
Lithuania
93%
% Correct
Netherlands
93%
Slovakia
93%
Denmark
92.1%
Hungary
92.1%
Latvia
91.2%
Slovenia
90.4%
United Kingdom
88.6%
Luxembourg
87.7%
Romania
87.7%
Bulgaria
86%
Cyprus
81.6%
Malta
80.7%
52.6%
52.6%
52.6%
Remove Ads.
Support Sporcle.
Get the best of Sporcle when you Go Orange. This ad-free experience offers more features, more stats, and more fun while also helping to support Sporcle. Thank you for becoming a member.

You're not logged in!

Compare scores with friends on all Sporcle quizzes.
OR
Log In

Show Comments

Extras

Top Quizzes Today


Score Distribution

Your Account Isn't Verified!

In order to create a playlist on Sporcle, you need to verify the email address you used during registration. Go to your Sporcle Settings to finish the process.

Report this User

Report this user for behavior that violates our Community Guidelines.

Details: